000
00303nam a22001337a 4500
008
210309b ||||| |||| 00| 0 eng d
041
_a
eng
080
_a
94
082
_a
94
100
_a
19
101
_a
SHH
245
_a
The Civilization of th Renaissance in Italy
_c
Burckhardt,J
942
_2
udc
_c
BK
999
_c
56049
_d
56049